Statistics for Disney characters beginning with the letter J

Click here to take the quiz!

General Stats

  • This quiz has been taken 18 times
  • The average score is 3 of 14

Answer Stats

Answer% Correct
Jiminy Cricket
62%
Jafar
46%
Jaq
38%
Jake
31%
Jane
31%
John Darling
31%
Jessica Rabbit
23%
Jock
23%
Jim Dear
8%
Johnny Appleseed
8%
John Silver
8%
J Thaddeus Toad
8%
Judy Hopps
8%
Jeese the ram
0%

Score Distribution

Percentile by Number Answered

Percent of People with Each Score

Your Score History

You have not taken this quiz